Hodnotenie PR stojí na meraní reputácie

Ťažkosti pri hodnotení aktivít Public relations /PR/. Metódy pri hodnotení PR. Advertising value - nástroj na hodnotenie PR aktivít. Stanovenie relevantných a merateľných komunikačných cieľov - základ úspechu hodnotenia PR.

Saved in:
Bibliographic Details
Main Author: Vaculčiaková, Jaroslava
Format: Book Chapter
Language:Slovak
Subjects:
Tags: Add Tag
No Tags, Be the first to tag this record!

MARC

LEADER 00000naa a2200000 4500
001 r048639
005 20230929113721.1
041 0 |a slo 
044 |a SK 
245 1 0 |a Hodnotenie PR stojí na meraní reputácie  |c Jaroslava Vaculčiaková 
520 |a Ťažkosti pri hodnotení aktivít Public relations /PR/. Metódy pri hodnotení PR. Advertising value - nástroj na hodnotenie PR aktivít. Stanovenie relevantných a merateľných komunikačných cieľov - základ úspechu hodnotenia PR. 
610 2 0 |a marketing mix 
610 2 0 |a nástroje marketingové 
610 2 0 |a práca s verejnosťou 
100 1 |a Vaculčiaková, Jaroslava